| 000 | 00853nam a2200289 a 4500 | ||
|---|---|---|---|
| 001 | 35129 | ||
| 003 | DO-SdBNP | ||
| 005 | 20171102101414.0 | ||
| 007 | 35129 | ||
| 008 | 861107s2005 dr b f000 0 spa | ||
| 010 | _a | ||
| 040 |
_aBPMSU _cspa _dBPMSU |
||
| 043 | _a | ||
| 050 | 0 | 0 |
_a _b |
| 100 | 2 | _a | |
| 110 | _aInstituto Dominicano de Investigaciones Agropecuarios y Forestales (República Dominicana) | ||
| 245 | 1 | 0 |
_a Musáceas : _c _bresultados de investigaciones República Dominicana febrero 2015/ |
| 260 |
_aSanto Domingo : _bIDIAF, _c1985. |
||
| 300 |
_a 115 p. : _bil., gráficos _c 23 cm. |
||
| 500 | _a | ||
| 504 | _a | ||
| 650 | 0 |
_aBanana trade _zEl Salvador. |
|
| 740 | 0 | _aCultivo de musáceas en El Salvador. | |
| 942 |
_2ddc _cBK |
||
| 945 | _aInventariado, 2017/MFF | ||
| 956 |
_aVMATEO _b10 _c20160922 _dBPMSU _f0069 |
||
| 999 |
_c11485 _d11485 |
||